[Event "CZE-ch"]
[Site "Karlovy Vary"]
[Date "2005.02.03"]
[Round "3"]
[White "Babula, Vlastimil"]
[Black "Navara, David"]
[Result "1/2-1/2"]
[WhiteElo "2566"]
[BlackElo "2644"]
[Annotator "Babula,V"]
[PlyCount "101"]
[EventDate "2005.02.01"]
[EventType "tourn"]
[EventRounds "11"]
[EventCountry "CZE"]
[EventCategory "11"]
[SourceTitle "CBM 106"]
[Source "ChessBase"]
[SourceDate "2005.06.06"]
[SourceVersion "1"]
[SourceVersionDate "2005.06.06"]
[SourceQuality "1"]

1. d4 Nf6 2. c4 e6 3. Nf3 b6 4. a3 Bb7 5. Nc3 d5 6. cxd5 Nxd5 7. Bd2 c5 $6 {
A risky continuation, Black lacks development.} ({Normal is} 7... Be7) ({or} 
7... Nd7) 8. e4 $1 {@ White immediately tries to exploit it.} Nxc3 9. Bxc3 a6 {
גa4-e8 Black protects from the check on b5.} ({An acceptance of the P
sacrifice is extremely dangerous, e.g.} 9... Bxe4 $2 10. Ne5 a6 $8 11. Qh5 $16
(11. Qg4 $5 $16)) 10. d5 $5 {A very promising novelty, White continues in the
energetic play. It looks brave, but it's perhaps objectively the best, too.
For the sacrificed P White will gain the longlasting |^.} (10. dxc5 $143 Qxd1+
11. Rxd1 Bxc5 $5 {looks OK for Black.}) (10. Bd3 {Lputian -Short, Wijk aan Zee
2000}) 10... exd5 11. exd5 Bxd5 ({After the second capture} 11... Qxd5 $5 {
I wanted to play} 12. Bd3 $44 (12. Qxd5 $5 Bxd5 13. O-O-O) {with a complicated
play and it's not suitable} 12... Qe6+ $6 {because of} 13. Ne5 $1 {with the
threat Bd3-c4.}) 12. Qe2+ $5 Be7 $6 ({Perhaps the best was} 12... Qe7 $142 13.
O-O-O $44) ({less advisable is} 12... Be6 $6 13. Rd1) 13. O-O-O Nc6 14. Bxg7 $6
{Taking the P back.} ({But initiative is often more than material. It deserved
attention to complete quickly development and try to exploit the pinned Bd5, e.
g.} 14. Qe3 $142 $5 $14 O-O 15. Bc4 Bxc4 16. Rxd8 Rfxd8 17. Bxg7 $1 Kxg7 $140
18. Qc3+) ({It's not so good} 14. Qc2 $6 {with the same idea, as after} O-O 15.
Bc4 {Black sacrifices the Q in better circumstances} Bxc4 16. Rxd8 Rfxd8 $44 {
and it's risky to play} 17. Bxg7 {because of} Bd3 18. Qc3 Bg6) 14... Rg8 15.
Bc3 Qd6 $11 {Now Black is out of danger. His P structure is compromised, but
his pieces cooperate well and White has problem to finish his development,
especially of the Bf1.} 16. Qc2 $6 {Now Black overtakes the |^,} (16. Qd3 $142
$11 {kept the balance.}) 16... b5 $5 {Black plans to castle long and sometimes
by the advance b5-b4 to attack the strong Bc3 and also White's K.} 17. Qf5 $5 {
Avoiding the castle,} ({I didn't like} 17. Qxh7 O-O-O $15) 17... Rd8 18. Qxh7
Qg6 $1 {A right decision, also without the Q the forthcoming -> on the << will
be dangerous enough.} (18... Kf8 $6 19. Bd3) 19. Qxg6 Rxg6 20. h4 {The o^h is
White's trump.} b4 $44 {Black's -> starts, the position is very complicated.}
21. h5 Rg4 (21... Rgd6 $6 {allows Bc3 to stay on a active position on the long
/^a1-h8} 22. Bg7) 22. Bd2 ({An opening of the position of White's K isn't
desirable} 22. axb4 $6 cxb4 23. Be1 b3 $40) 22... bxa3 23. bxa3 c4 (23... Ra4
$5) 24. Re1 ({I didn't like} 24. Bc3 $6 Bxa3+ 25. Bb2 Bxb2+ (25... Bb4 $4 26.
h6 c3 27. h7 $18) 26. Kxb2 Rb8+ $40) 24... Kf8 $5 {Black's K leaves the pin
and comes closer to the o^h.} ({Another options were} 24... Be4 25. h6 $5 (25.
Re3 Rb8 26. Kd1) 25... Bxa3+ 26. Kd1 c3 27. Rxe4+ $1 (27. h7 $4 c2+ 28. Ke2
Bd3+ 29. Ke3 Re4#) 27... Rxe4 28. h7 Ke7 29. h8=Q Rxh8 30. Rxh8 cxd2 $11) ({
or even} 24... Re4) 25. Re3 Bc5 $6 ({Perhaps better was the paradoxical
exchange of the strong Bd5 for the Nf3} 25... Bxf3 $142 $1 26. gxf3 (26. Rxf3
Nd4 27. Bh6+ Kg8 28. Rc3 Nb5 {isn't better}) 26... Rgd4 {White should probably
sacrifice the exchange} 27. Rxe7 $15 {and with the ^^ he should hold the game.}
) 26. Rc3 Na5 {Black continues with the ->.} (26... Bxf2 $5) 27. Be3 Be7 (27...
Nb3+ $4 28. Rxb3 $18) 28. Ne5 $5 {This way White closes the long /^a1-h8.} Re4
29. f4 Be6 (29... Nb3+ $5 30. Kc2 Bf6) 30. g4 {xf5 Taking the square f5 under
control.} Nb3+ 31. Kc2 Nd4+ $6 {An oversight,} ({after} 31... Bf6 $142 $13 {
position remains very unclear and it's difficult for White to make a good move,
e.g. after} 32. g5 $2 {Black has crushing} Bf5 $1 33. Kb2 Rxe3 $1 34. Rxe3 Rd2+
35. Kc3 Rc2+ 36. Kb4 Be7+ 37. Ka4 Nc5+ 38. Ka5 Rb2 $19) 32. Bxd4 Rdxd4 (32...
Rexd4 $2 33. Bxc4 $16) 33. Nc6 {That Black overlooked.} Rxf4 $6 {Black decided
to sacrifice the exchange} ({, but simple} 33... Rd7 $14 {was safer. White
stands only slightly better, e.g.} 34. Nxe7 Rxe7 35. f5 Bd5 36. h6 Kg8) 34.
Nxd4 Rxd4 35. Be2 $14 {It was for me an unexpected turn in the game, last 15
moves I only defended against the direct threats. Now White's advantage isn't
probably sufficient for win, Black has the strong ^^ and White's P pair g4,h5
is well blockaded.} Bg5 36. Rd1 Rf4 37. Rf1 {White gains some time...} Re4 ({
After repetition of moves} 37... Rd4 38. Rd1 Rf4 {I wanted to continue} 39. Rd6
$5 {, but Black can hold the position} Rf2 40. Kd1 Rh2) 38. Bf3 Rd4 $6 {
This allows White to activate his R.} (38... Rf4 $142 $5 $14) 39. Rd1 Bf6 $5 (
39... Rf4 40. Rd6 Bf6 $140 41. Re3 Bd4 42. Re4) 40. Rxd4 $6 {I estimated the
B_|_ wrong,} ({more chances gives} 40. Re3 $14 {, e.g.} Bxg4 41. Bxg4 Rxg4 42.
Rd6) 40... Bxd4 41. Be2 ({Very promising looks} 41. g5 $5 f6 42. gxf6 (42. g6
Kg7 43. Be2 Bxc3 44. Kxc3 a5 $14 45. Bxc4 $140 Bg4) 42... Kf7 43. Be2 Bxc3 44.
Kxc3 Kxf6 45. Bxc4 Bg4 46. h6 Kg6 47. Bxa6 Kxh6 {, but according to the
tablebases the position is only a draw.}) 41... Bxc3 42. Kxc3 f6 $8 43. Bxc4 ({
After} 43. h6 $6 Kf7 $1 $10 {is the arising P_|_ a draw, e.g.} 44. Bxc4 Bxc4
45. Kxc4 Kg6 46. Kb4 Kxh6 47. Ka5 Kg5 48. Kxa6 Kxg4 49. a4 f5 50. a5 f4 51. Kb6
f3 52. a6 f2 53. a7 f1=Q 54. a8=Q) 43... Bxg4 44. h6 a5 $14 {I analysed this
_|_ some time and I think that White can't win it. His main problem is that
many P_|_ K,P : K with White's Pa are drawn. Generally, in this B_|_, White
can't break through on the >>. And when he attacks Black's Pa, Black pushes
his Pf, exchanges it for White's Ph and the arising _|_ is a draw. In the
further play I could play more clever but anyway the position remains a draw.}
45. Kd4 Bf3 46. Be6 (46. Kc5 Bd1 47. Kd6 Bg4 (47... Bc2 $5 48. Ke6 $140 Kg8 49.
Kxf6+ Kh7 50. Kg5 a4 {Black keeps his B on /^b1-h7 and after the swap of the B
the P_|_ is a draw, e.g.} 51. Bb5 Kh8 52. Bc6 Kh7 53. Bd7 Kh8 54. Bf5 Bxf5 55.
Kxf5 Kh7 56. Ke5 Kxh6 57. Kd5 Kg6 58. Kc5 Kf6 59. Kb5 Ke7 60. Kxa4 Kd7)) 46...
Bd1 47. Kc4 Bc2 48. Kb5 f5 49. Kxa5 f4 50. Bd5 (50. Kb4 f3 51. Kc3 f2 52. Bc4
Bf5 53. Bf1 Kg8 $11) 50... Bd1 51. Kb4 (51. Kb4 f3 52. Kc3 f2 53. Bc4 Bf3 54.
Bf1 Kg8 55. Kd4 Kh7 56. Ke3 Bc6 57. Kxf2 Kxh6 $11) 1/2-1/2

[Event "Capablanca Memorial Elite 30th"]
[Site "Matanzas"]
[Date "1995.??.??"]
[Round "7"]
[White "Van Wely, Loek"]
[Black "Blanco Fernandez, Alvaro"]
[Result "1-0"]
[WhiteElo "2575"]
[BlackElo "2455"]
[Annotator "Baburin,A"]
[PlyCount "83"]
[EventDate "1995.05.??"]
[EventType "tourn"]
[EventRounds "13"]
[EventCountry "CUB"]
[EventCategory "11"]
[SourceTitle "CBM 048"]
[Source "ChessBase"]
[SourceDate "1995.10.01"]
[SourceVersion "1"]
[SourceVersionDate "1995.10.01"]
[SourceQuality "1"]

1. d4 Nf6 2. c4 e6 3. Nf3 b6 4. Nc3 Bb7 5. a3 d5 6. Bg5 dxc4 7. e4 Be7 8. Bxf6
Bxf6 9. e5 Be7 10. Bxc4 O-O 11. O-O c6 $6 {Black probably wants to stop d4-d5,
but the move looks very passive, as the Bb7 becomes ineffective. The e5P often
gives White good attacking chances on the Kside in these positions, as it
pushes away the Nf6.} 12. Qe2 Nd7 13. Rfd1 Re8 14. Qe4 Nf8 15. h4 h6 16. Qg4
Rc8 17. Ne4 Rc7 18. b4 Rd7 19. Rac1 a6 20. Bb3 Nh7 21. Ng3 Kh8 22. Nh5 Bf8 {[#]
} 23. Bc2 g6 24. Nf4 Bg7 25. Be4 Rc7 26. Rd3 Nf8 27. Rdc3 {White dominates as
all his pieces are in excellent position.} h5 28. Qg3 Qb8 29. Nd2 Bh6 30. Qe3
Kg7 31. Nc4 Rd8 32. Nd6 Rxd6 33. exd6 Rc8 34. Qg3 Kh7 35. Nxh5 Bxc1 36. Nf6+
Kg7 37. Rxc1 Nh7 38. Nd7 Qa7 39. h5 c5 40. Bxg6 fxg6 41. Qxg6+ Kh8 42. Ne5 1-0

[Event "Katrineholm"]
[Site "Katrineholm"]
[Date "1995.??.??"]
[Round "?"]
[White "Olafsson, Helgi"]
[Black "Davies, Nigel Rodney"]
[Result "1/2-1/2"]
[WhiteElo "2520"]
[BlackElo "2530"]
[Annotator "Baburin,A"]
[PlyCount "89"]
[EventDate "1995.04.??"]
[EventType "tourn"]
[EventRounds "9"]
[EventCountry "SWE"]
[EventCategory "9"]
[SourceTitle "CBM 049"]
[Source "ChessBase"]
[SourceDate "1995.12.01"]
[SourceVersion "1"]
[SourceVersionDate "1995.12.01"]
[SourceQuality "1"]

1. d4 Nf6 2. Nf3 e6 3. c4 b6 4. a3 Bb7 5. Nc3 d5 6. Qc2 Be7 7. cxd5 exd5 8. Bf4
O-O 9. e3 c5 10. Be2 Nbd7 11. O-O Rc8 12. Rfd1 Ne4 13. dxc5 Ndxc5 14. Nxe4 Nxe4
15. Qb3 Bf6 {[#]Black is doing well, since he has a nice square for his Knight,
the open c-file and an active dark squared Bishop. His b7-Bishop is not
particularly great, but on the other hand the d5-pawn is well protected.} 16.
Nd4 (16. Be5 Bxe5 17. Nxe5 Qc7 18. Nd3 Qc2) 16... Nc5 17. Qa2 Ne6 $1 {To
remove the dominant Knight from d4.} 18. Nxe6 fxe6 {[#]This position is fairly
level, the pawn pair d5-e6 look fine, since it's not easy for White to break
them down by e3-e4.} 19. Rd2 Kh8 20. Rad1 Qe7 21. Bg3 Rc5 22. Qb1 Rfc8 23. Qd3
g6 24. h3 Kg7 25. Bf3 Rc4 26. Qe2 Kg8 27. e4 dxe4 28. Bg4 Rc1 29. Rd6 Bd5 30.
R6xd5 exd5 31. Bxc8 Rxc8 32. Rxd5 Rd8 33. Rxd8+ Qxd8 34. Qc4+ Kh8 35. b4 Qe7
36. Bf4 h5 37. b5 Kg7 38. a4 g5 39. Be3 h4 40. Kf1 Qe5 41. Ke2 Qb2+ 42. Bd2 Qe5
43. Kf1 Qa1+ 44. Be1 Qe5 45. Qb3 1/2-1/2

[Event "Odorheiu Secuiesc zt"]
[Site "Odorheiu Secuiesc"]
[Date "1995.??.??"]
[Round "3"]
[White "Priehoda, Vitezslav"]
[Black "Markowski, Tomasz"]
[Result "1-0"]
[WhiteElo "2400"]
[BlackElo "2470"]
[Annotator "Baburin,A"]
[PlyCount "69"]
[EventDate "1995.03.??"]
[EventType "swiss"]
[EventRounds "9"]
[EventCountry "ROU"]
[SourceTitle "CBM 047"]
[Source "ChessBase"]
[SourceDate "1995.08.01"]
[SourceVersion "1"]
[SourceVersionDate "1995.08.01"]
[SourceQuality "1"]

1. d4 Nf6 2. c4 e6 3. Nf3 b6 4. Nc3 Bb7 5. a3 d5 6. Bg5 Be7 7. Qa4+ c6 8. Bxf6
Bxf6 9. cxd5 exd5 10. g3 O-O 11. Bg2 Re8 12. O-O Qd6 13. Rfe1 Nd7 14. e4 $1 {
A standard plan - White wants to exploit the passive position of the Bishop on
b7 and the potential weakness of the c6-pawn.} Qc7 15. exd5 cxd5 {Now we see
another typical pawn formation. White's chances are better due to the weakness
of the d5-pawn and the passive Bishop on b7. The black Knight is not well
placed either. This game is quite instructive.} 16. Qb3 Qc4 17. Rxe8+ Rxe8 18.
Qd1 Qc7 19. Rc1 Rc8 20. Bh3 $1 Qc6 21. Na2 Qb5 22. Rxc8+ Bxc8 23. Nb4 Bb7 24.
Qc2 Nf8 25. Qc7 a5 26. Qxb7 axb4 27. Bf1 Qa5 28. axb4 Qxb4 29. Qxd5 Qxb2 30.
Bc4 Ne6 31. Qa8+ Nf8 32. Qd5 Ne6 33. Qc6 Nf8 34. Qc7 $18 Be7 35. Qxe7 (35. Qxe7
Qc1+ 36. Bf1 $18) 1-0

[Event "Budapest FS03 GM"]
[Site "Budapest"]
[Date "1996.??.??"]
[Round "13"]
[White "Hillarp Persson, Tiger"]
[Black "Namgilov, Sogto"]
[Result "0-1"]
[WhiteElo "2410"]
[BlackElo "2425"]
[Annotator "Baburin,A"]
[PlyCount "76"]
[EventDate "1996.03.??"]
[EventType "tourn"]
[EventRounds "13"]
[EventCountry "HUN"]
[EventCategory "9"]
[SourceTitle "CBM 053"]
[Source "ChessBase"]
[SourceDate "1996.08.01"]
[SourceVersion "1"]
[SourceVersionDate "1996.08.01"]
[SourceQuality "1"]

1. d4 Nf6 2. c4 e6 3. Nf3 b6 4. Nc3 Bb7 5. a3 d5 6. cxd5 exd5 7. Bf4 Be7 8. Rc1
a6 9. e3 O-O 10. Bd3 c5 11. dxc5 bxc5 12. O-O Nbd7 13. Ne5 Nxe5 14. Bxe5 Bd6
15. Bxd6 Qxd6 16. Na4 Rac8 17. Bf5 Rc6 18. Qc2 Qe5 {[#]} 19. Nxc5 $1 Rxc5 20.
Bxh7+ Nxh7 21. Qxc5 Bc8 22. Qd4 Qg5 23. Rfd1 Nf6 24. f3 {White is superior in
this position; he should prevent any possible counterplay on the king side and
advance his pawns on the queen side, to ensure his advantage. However, later
in the game White made too many weakening pawn moves on the king side, badly
exposing his own monarch. That was bad strategy, since the side possessing a
rook vs minor pieces should be concerned about his king safety, particularly
when the queens are still on the board.} Re8 25. Qf4 (25. Rc3 $5) 25... Qg6 26.
Kf2 Bd7 27. b4 $6 (27. Rc7) (27. a4 $5) 27... Bb5 28. Rd4 Bc4 29. h4 Nh7 30. e4
Nf8 31. Qe3 Qf6 32. Kg1 Ng6 33. g3 Ne5 34. Kg2 Nxf3 35. Rdxc4 dxc4 36. Rf1
Nxh4+ 37. gxh4 Qxh4 38. Rf4 Qg5+ 0-1

[Event "Albert/Berlin m"]
[Site "Albert/Berlin"]
[Date "1998.06.07"]
[Round "2"]
[White "Bacrot, Etienne"]
[Black "Huebner, Robert"]
[Result "1/2-1/2"]
[WhiteElo "2565"]
[BlackElo "2560"]
[Annotator "Baburin,A"]
[PlyCount "114"]
[EventDate "1998.06.06"]
[EventType "match"]
[EventRounds "6"]
[EventCountry "FRA"]
[SourceTitle "CBM 066"]
[Source "ChessBase"]
[SourceDate "1998.09.30"]
[SourceVersion "1"]
[SourceVersionDate "1998.09.30"]
[SourceQuality "1"]

1. d4 {Tischbierek Hecht} Nf6 2. c4 e6 3. Nf3 b6 4. a3 Bb7 5. Nc3 d5 6. Bg5 Be7
7. Qa4+ c6 8. Bxf6 Bxf6 9. e4 dxc4 10. Qxc4 Ba6 11. Qa4 Bxf1 12. Kxf1 O-O 13.
Rd1 b5 (13... Qc8 $1 {Tischbierek} 14. Qc2 (14. g3 Qa6+ (14... c5 $6 15. e5 Be7
(15... cxd4 16. exf6 dxc3 17. fxg7 $36 (17. Qg4 g6)) 16. d5 exd5 17. Nxd5 Nc6
$4 18. Qxc6 $18) 15. Qxa6 Nxa6 $11) 14... c5 15. e5 (15. d5 Bxc3) 15... Be7 16.
d5 (16. dxc5 Qxc5 (16... Bxc5 $6 17. Ng5)) 16... exd5 17. Nxd5 Nc6 {/\ Qe6=/=/+
}) 14. Qc2 Nd7 15. h4 $1 {White prepares to employ the h1-rook on the kingside.
The text also gives White control over the g5-square which may be important in
the future.} Re8 16. Rh3 Rc8 17. e5 (17. Kg1 $5 $16 {Huebner}) 17... Be7 18.
Ng5 (18. Ne4 $5 {was worth considering.}) 18... Nf8 19. Nge4 f5 20. exf6 Bxf6
21. Nxf6+ Qxf6 22. Ne4 Qe7 23. h5 h6 24. Rc3 $1 {The rook has found its way to
the queenside. White is slightly better, though in a situation where he has
weaknesses too (on d4 and h5), his advantage is hard to increase.} Red8 25.
Rxc6 (25. g3 {Tischbierek >< h4} e5 26. d5 Qd7 27. d6 Qh3+ 28. Kg1 Qxh5 $13)
25... Rxc6 26. Qxc6 Qh4 27. Kg1 Qxh5 28. Nc3 Rd5 $1 29. Qa8 Rg5 30. Re1 Qg4 31.
Qe4 a6 32. Qxg4 Rxg4 33. Ne4 {>< Rg4} Rf4 34. f3 Rf5 35. Nc5 (35. Kf2 Rd5 36.
Ke3 Ng6 $1 37. Rc1 Nh4 38. g4 Ng2+ 39. Kf2 Nf4 40. Ke3 Ng2+ $11) 35... Rd5 36.
Nxe6 Nxe6 37. Rxe6 Rxd4 38. Rxa6 b4 39. Ra4 Rd1+ 40. Kh2 bxa3 41. Rxa3 {
[#] Hecht:  Droht mit Tc3 nebst b3, wonach Weiß alle seine Bauerngedeckt
halten kann, um hernach mit dem König aktiv werden zu können. Deshalb greift
der schwarze Turm sofort den b-Bauern an, um den weißen Turm v o r den
Freibauern zu zwingen oder in eine außerordentlich dämliche Seitendeckung
links außen.} Rd2 (41... Rb1 $2 {Hecht} 42. Rb3 {ist viel schwächer, weil der
schwarze Turm über keine Wartezüge hinter dem Bauern verfügt. Von d2 aus
greift er zusätzlich den Königsflügel an.}) 42. Rb3 Kf7 43. Kh3 h5 44. Rb5 Kf6
45. f4 g6 46. g3 Rd1 47. Kg2 Rd2+ 48. Kf3 Rd3+ {Hecht: Wegen der
Bauernschwäche g3 kommt Weiß nicht weiter.} 49. Kf2 Rd2+ 50. Ke3 Rc2 51. Ke4
Re2+ 52. Kf3 Rh2 53. Rb8 Rh1 54. b4 Rf1+ 55. Kg2 Rb1 56. b5 Kf5 57. Kh3 (57. b6
{Hecht} Kg4 58. b7 {[%cal Rf4f5]} Rb2+ 59. Kf1 Kxg3 60. f5 Kf3 $11 {und wegen
der Mattdrohung kommt Schwarz noch zu gxf5.}) 57... Rh1+ 1/2-1/2

[Event "URS-ch FL55"]
[Site "Lvov"]
[Date "1987.11.12"]
[Round "6"]
[White "Bareev, Evgeny"]
[Black "Novikov, Igor A"]
[Result "1/2-1/2"]
[WhiteElo "2555"]
[BlackElo "2455"]
[Annotator "Bareev,E"]
[PlyCount "57"]
[EventDate "1987.11.??"]
[EventType "tourn"]
[EventRounds "17"]
[EventCountry "URS"]
[EventCategory "10"]
[SourceTitle "EXT 2018"]
[Source "ChessBase"]
[SourceDate "2017.10.13"]
[SourceVersion "1"]
[SourceVersionDate "2017.10.13"]
[SourceQuality "1"]

1. d4 Nf6 2. c4 e6 3. Nf3 b6 4. Nc3 Bb7 5. a3 d5 6. cxd5 Nxd5 7. Qc2 Nxc3 8.
Qxc3 h6 9. e3 Be7 10. Bb5+ c6 11. Ba4 O-O 12. O-O Nd7 13. e4 b5 14. Bc2 c5 15.
Rd1 {'!'} Qc7 16. d5 exd5 (16... Rad8 $1 $10 17. dxe6 fxe6 18. a4 a6) 17. exd5
Rfd8 {'?'} (17... Nf6 $2 18. b3 $16) (17... Rad8 $1 18. Nd4 Bxd5) 18. Nd4 {'!'}
Nf6 {'!'} (18... Bxd5 19. Nxb5 Qc6 20. Rxd5 Qxd5 21. Nc7 Qd6 22. Nxa8 $14) 19.
Nf5 Bxd5 (19... Rxd5 20. Re1 $5 $13) 20. Bf4 Qxf4 (20... Qd7 $2 21. Rxd5) 21.
Nxe7+ Kh8 22. Nxd5 Nxd5 (22... Rxd5 23. Rxd5 Nxd5 24. Qxc5 Nf6 25. Rd1 $14) 23.
Qxc5 (23. Qd3 g6 24. Qxb5 Rab8 25. Qa5 $14) 23... Nf6 24. Rxd8+ Rxd8 25. Qxa7 {
'!'} Qc4 (25... Rd2 26. Qc5 $16) (25... Ng4 26. g3 Qxf2+ 27. Qxf2 Nxf2 28. Re1
$16) (25... Qe5 26. Rb1 $1 Rd2 27. Qa8+ Ng8 28. Qe4 $16) 26. Rd1 (26. Qa5 Rd5
$1 27. Qc3 Qxc3 28. bxc3 Rc5 29. Bd3 Nd5 $10) 26... Re8 {'='} (26... Rxd1+ $2
27. Bxd1 Qd3 28. Qa8+ Kh7 29. Qf3 $18) 27. Bb1 Qe2 28. Rf1 Qxb2 29. Qxf7
1/2-1/2